| 000 | 01314 a2200241 4500 | ||
|---|---|---|---|
| 003 | Nust | ||
| 005 | 20170207153424.0 | ||
| 010 | _a 93033963 | ||
| 020 | _a0312103697 | ||
| 040 | _cNust | ||
| 082 | 0 | 0 | _a355.033 |
| 245 | 0 | 4 |
_aThe American military in the twenty-first century / _cBarry M. Blechman ... [et al.]. |
| 260 |
_aNew York : _bSt. Martin's Press in association with the Henry L. Stimson Center, _c1993. |
||
| 300 |
_axxvi, 498 p. ; _c22 cm. |
||
| 505 | _aLeaving Key West (Page-1), US Interests and Military Power (Page-55), Boundaries of Choice Domestic Constraints on Decisions Affecting The Armed Forces (Page-105), Military Technology Options for the Future (Page-143), Future Need for US Contingency Forces (Page-267), Heading Against Future Threats (Page-343), Forces for Peacekeeping , Pace Enforcement and Humanitarian Mission (Page-397), Conclusion (Page-431), | ||
| 538 | _aAlmirah No.53 Shelf No.5 | ||
| 651 | 0 |
_aUnited States _xArmed Forces _xOrganization. |
|
| 651 | 0 |
_aUnited States _xMilitary policy. |
|
| 700 | 1 | _aBlechman, Barry M. | |
| 740 | 0 | _aAmerican military in the 21st century. | |
| 856 | 4 | 2 |
_3Publisher description _uhttp://www.loc.gov/catdir/enhancements/fy0601/93033963-d.html |
| 856 | 4 | 2 |
_3Table of contents only _uhttp://www.loc.gov/catdir/enhancements/fy0601/93033963-t.html |
| 942 |
_2ddc _cBK |
||
| 999 |
_c185827 _d185827 |
||